000 00690nam a2200181Ia 4500
008 100921s9999 xx 000 0 und d
082 _b35633
_a891.43 थ 72
100 _aचोपडा सुदर्शन.
245 _aसुंदरी और सिंहासन.
260 _bहिंद पॉकेट बुक्स,दिल्ली.
_c1972
300 _a128
_b---
365 _b2
520 _aललित-हिन्दी-वाङ्रमय.
630 _aसुंदरी और सिंहासन.
650 _aललित-हिन्दी-वाङ्रमय.
730 _aसुंदरी और सिंहासन.
942 _cBOOK
999 _c784746
_d784743